000 00440cam a22001337a 4500
008 180718b1995 xxu||||| |||| 00| 0 eng d
082 _aAPPPA 94-95 SIN/A
100 _aSingh, A.K.
245 _aPurchase policy and procedures of Indian railways and analysis of its effectiveness
_cby A.K. Singh
260 _aNew Delhi
_bIndian Institute of Public Administration
_c1995
300 _a115p.
650 _aAPPPA
650 _aRail Roads - India
999 _c481089
_d481089